Budovanie pozície značky na trhu dizertačná práca

Gespeichert in:
Bibliographische Detailangaben
1. Verfasser: Lukačovičová, Zuzana
Körperschaft: Ekonomická univerzita v Bratislave. Obchodná fakulta
Weitere Verfasser: Lesáková, Dagmar, 1949-
Format: Buch
Sprache:Slowakisch
Veröffentlicht: Bratislava 2006
Schlagworte:
Tags: Tag hinzufügen
Keine Tags, Fügen Sie das erste Tag hinzu!

MARC

LEADER 00000nam$a2200000$$$4500
001 0100035
005 20240104135319.0
041 0 |a slo 
044 |a SK 
245 1 0 |a Budovanie pozície značky na trhu  |b dizertačná práca  |c Zuzana Lukačovičová ; škol. Dagmar Lesáková 
264 1 |a Bratislava  |c 2006 
300 |a 164 s. 
610 2 0 |a značky výrobkov 
610 2 0 |a voda minerálna 
100 1 |a Lukačovičová, Zuzana 
700 1 |a Lesáková, Dagmar, 1949- 
710 2 |a Ekonomická univerzita v Bratislave. Obchodná fakulta